| 000 | 01206cas a22003137a 4500 | ||
|---|---|---|---|
| 005 | 20231010062647.0 | ||
| 008 | 990413c1978 us fr p rnn 0 0b1eng d | ||
| 010 | _a77489 | ||
| 011 | _a78461 | ||
| 022 | 0 | _a1058-7195 | |
| 035 | _a88425 | ||
| 245 | 0 | 0 |
_aReview of Agricultural Economics _c/by American Agricultural Economics Association |
| 260 | 0 |
_aAmes, Iowa : _bAmerican Agricultural Economics Association, _c1978- |
|
| 300 | _av. | ||
| 310 | _aSemestral | ||
| 362 | 1 | _av.20 n.2, 1998 | |
| 590 |
_aBATCH-UPD _b10 _c20130110 _lUCH01 _h0213 |
||
| 590 |
_aBATCH-UPD _b10 _c20130409 _lUCH01 _h2230 |
||
| 590 |
_aBATCH-UPD _b10 _c20130913 _lUCH01 _h2020 |
||
| 590 |
_aCONVERSION _b10 _c20130109 _lUCH01 _h1343 |
||
| 650 | 1 | 4 |
_aAgricultura _xAspectos económicos _xPublicaciones periódicas. _91286 |
| 650 | 1 | 7 |
_aAgricultura _xPublicaciones periódicas _2 _91772 |
| 866 | _av. 20 n. 1 ( Summer-Fall) - v. 24 n. 2 ( Winter-Spring) | ||
| 866 | _av. 25 n. 1 ( Summer-Fall) - v. 25 n. 2 ( Winter-Spring) | ||
| 866 | _av. 28 n. 1 (March 2006) - v. 28 n. 4 (December 2006) | ||
| 866 | _av. 29 n. 1 (March 2007) - v. 29 n. 4 (December 2007) | ||
| 901 | _aSE | ||
| 905 | _aMarco A. Mendoza T. | ||
| 999 |
_c77489 _d77489 |
||